The Year 1200 : a symposium /
| Other Authors: | |
|---|---|
| Format: | Book |
| Language: | English French German Italian |
| Published: |
[New York] :
Metropolitan Museum of Art,
1975.
|
| Subjects: |
MARC
| Tag | First Indicator | Second Indicator | Subfields |
|---|---|---|---|
| LEADER | 00000pam a2200000 a 4500 | ||
| 001 | in00000642113 | ||
| 005 | 20151015054622.0 | ||
| 008 | 740627s1975 nyua b 10000 engm | ||
| 010 | |a 74012418 | ||
| 020 | |a 0870990926 | ||
| 035 | |a (OCoLC)00969742 | ||
| 035 | |9 ACU8902AM | ||
| 040 | |a DLC |c DLC |d m.c. |d TXA |d UtOrBLW | ||
| 041 | 0 | |a eng |a fre |a ger |a ita | |
| 043 | |a e------ | ||
| 049 | |a TXAM |c [386752] | ||
| 050 | 0 | 0 | |a CB354.6 |b .Y35 |
| 082 | 0 | |a 914/.03/17 | |
| 245 | 0 | 4 | |a The Year 1200 : |b a symposium / |c texts by, Francois Avril [and others] ; introduction by Jeffrey Hoffeld. |
| 264 | 1 | |a [New York] : |b Metropolitan Museum of Art, |c 1975. | |
| 300 | |a 594 pages : |b illustrations ; |c 25 cm. | ||
| 336 | |a text |b txt |2 rdacontent | ||
| 337 | |a unmediated |b n |2 rdamedia | ||
| 338 | |a volume |b nc |2 rdacarrier | ||
| 500 | |a English, French, German and Italian. | ||
| 504 | |a Includes bibliographical references. | ||
| 650 | 0 | |a Civilization, Medieval |v Congresses. | |
| 651 | 0 | |a Europe |x Civilization |v Congresses. | |
| 700 | 1 | |a Avril, François. | |
| 999 | |a MARS | ||
| 999 | f | f | |s d7184270-03c0-3613-ab5e-6b00c039bf8b |i 7c741b81-dee5-32cc-9967-19c61f20fae7 |t 0 |
| 952 | f | f | |p ric |a Texas A&M University |b Rellis Campus |c Joint Library Facility |d Remote Storage |t 0 |e CB354.6 .Y35 |h Library of Congress classification |i unmediated -- volume |m A14801841799 |
| 998 | f | f | |a CB354.6 .Y35 |t 0 |l Remote Storage |